[Event "NATO-ch 34th"]
[Site "Rhodes"]
[Date "2024.10.24"]
[Round "5"]
[White "Michalowski, Patryk"]
[Black "Stein, Robert"]
[Result "0-1"]
[WhiteElo "2054"]
[BlackElo "2409"]
[PlyCount "114"]
[EventDate "2024.10.21"]
[EventType "swiss"]
[EventRounds "7"]
[EventCountry "GRE"]
[SourceTitle "CB44_2024"]
[Source "Chessbase"]
[SourceDate "2024.10.30"]
[SourceVersion "1"]
[SourceVersionDate "2024.10.30"]
[SourceQuality "1"]

1. e4 e5 2. Nf3 Nc6 3. Bc4 Bc5 4. c3 Nf6 5. d3 d6 6. 0-0 a5 7. Re1 0-0 8. h3 Ba7 9. Nbd2 Be6 10. Bxe6 fxe6 11. Nf1 Nh5 12. Be3 Nf4 13. Bxa7 Rxa7 14. Re3 a4 15. N1h2 b5 16. d4 exd4 17. cxd4 Na5 18. b3 c5 19. bxa4 b4 20. dxc5 dxc5 21. Qc2 c4 22. Rd1 Rd7 23. Rxd7 Qxd7 24. Ne5 Qc7 25. Nhf3 Rc8 26. g3 Nxh3+ 27. Kg2 Ng5 28. Nxg5 Qxe5 29. f4 Qd4 30. e5 g6 31. Kf3 Rd8 32. Ne4 Qd1+ 33. Qe2 c3 34. Nxc3 bxc3 35. Qxd1 Rxd1 36. Rxc3 Rd4 37. Rc8+ Kg7 38. Rc7+ Kh6 39. Re7 Rxa4 40. Rxe6 Rxa2 41. f5 Nb3 42. Rd6 Nd2+ 43. Kg4 Ra4+ 44. Kh3 Ne4 45. Rb6 Ng5+ 46. Kg2 Re4 47. fxg6 hxg6 48. Rb2 Rxe5 49. Ra2 Rc5 50. Rb2 Rc3 51. Rb4 Rc2+ 52. Kf1 Kg7 53. Rb7+ Kf6 54. Rb6+ Ne6 55. Rb5 g5 56. Ra5 Nc5 57. Ra3 Kf5 0-1

[Event "NATO-ch 34th"]
[Site "Rhodes"]
[Date "2024.10.22"]
[Round "2"]
[White "Alainis, Artis"]
[Black "Michalowski, Patryk"]
[Result "1/2-1/2"]
[WhiteElo "1937"]
[BlackElo "2054"]
[PlyCount "86"]
[EventDate "2024.10.21"]
[EventType "swiss"]
[EventRounds "7"]
[EventCountry "GRE"]
[SourceTitle "CB44_2024"]
[Source "Chessbase"]
[SourceDate "2024.10.30"]
[SourceVersion "1"]
[SourceVersionDate "2024.10.30"]
[SourceQuality "1"]

1. e4 c5 2. Nf3 e6 3. d3 Nc6 4. g3 Be7 5. Bg2 d6 6. 0-0 Nf6 7. Re1 0-0 8. c3 Bd7 9. Nbd2 Ne5 10. Bf1 Bc6 11. a4 Qc7 12. d4 Nxf3+ 13. Qxf3 cxd4 14. cxd4 Nxe4 15. Nxe4 f5 16. Qb3 fxe4 17. Qxe6+ Kh8 18. d5 Be8 19. Rxe4 Bf6 20. Bf4 Bf7 21. Qxd6 Qxd6 22. Bxd6 Bxd5 23. Re3 Rfe8 24. Bg2 Rxe3 25. fxe3 Bxg2 26. Kxg2 Rd8 27. Ba3 Bxb2 28. Bxb2 Rd2+ 29. Kf3 Rxb2 30. h4 Kg8 31. e4 Kf7 32. Kf4 Kf6 33. Rc1 Rf2+ 34. Ke3 Ra2 35. Rc7 Rxa4 36. Rxb7 h6 37. h5 Ra5 38. Kf4 Rxh5 39. Rxa7 g5+ 40. Kf3 Rh1 41. Ra6+ Ke5 42. Ra5+ Kf6 43. Ra6+ Ke5 1/2-1/2

[Event "Malopolska-ch"]
[Site "Krakow"]
[Date "2024.06.01"]
[Round "6"]
[White "Meers, Hubert"]
[Black "Michalowski, Patryk"]
[Result "1-0"]
[WhiteElo "2250"]
[BlackElo "1990"]
[PlyCount "61"]
[EventDate "2024.05.30"]
[EventType "swiss"]
[EventRounds "7"]
[EventCountry "POL"]
[SourceTitle "EXT 2025"]
[Source "ChessBase"]
[SourceDate "2024.10.14"]
[SourceVersion "1"]
[SourceVersionDate "2024.10.14"]
[SourceQuality "1"]

1. e4 c5 2. Nf3 e6 3. b3 b6 4. Bb2 Bb7 5. Nc3 d6 6. d4 cxd4 7. Qxd4 a6 8. 0-0-0 Nc6 9. Qe3 Qc7 10. g4 Nf6 11. h3 b5 12. Bg2 Be7 13. Rhe1 Rc8 14. Kb1 Ne5 15. Nd4 0-0 16. g5 Nfd7 17. f4 Nc6 18. Nxc6 Bxc6 19. Rd2 Rfe8 20. h4 Nb6 21. h5 b4 22. Ne2 d5 23. h6 Bf8 24. Be5 Qb7 25. hxg7 Bxg7 26. Bxg7 Kxg7 27. Ng3 Nd7 28. exd5 Bxd5 29. Bxd5 exd5 30. Nf5+ Kf8 31. Qxe8+ 1-0

[Event "NATO-ch 33rd"]
[Site "Portoroz"]
[Date "2023.09.07"]
[Round "6"]
[White "Sauer, Marko"]
[Black "Michalowski, Patryk"]
[Result "1-0"]
[WhiteElo "2014"]
[BlackElo "1898"]
[PlyCount "167"]
[EventDate "2023.09.04"]
[EventType "swiss"]
[EventRounds "7"]
[EventCountry "SLO"]
[SourceTitle "CBM 216 Extra"]
[Source "ChessBase"]
[SourceDate "2023.11.30"]
[SourceVersion "1"]
[SourceVersionDate "2023.11.30"]
[SourceQuality "1"]

1. e4 c5 2. Nf3 d6 3. d4 cxd4 4. Nxd4 Nf6 5. Nc3 g6 6. Be3 Bg7 7. f3 0-0 8. Bc4 Nc6 9. Qd2 Nxd4 10. Bxd4 Be6 11. Bb3 Qa5 12. 0-0 Nd7 13. Bxg7 Kxg7 14. Qd4+ Kg8 15. Bd5 Rac8 16. a4 Qc5 17. Rfd1 Rfe8 18. Rac1 Qxd4+ 19. Rxd4 Rc5 20. Nb5 Bxd5 21. exd5 Nb6 22. Re4 Kf8 23. b4 Rcc8 24. Nxa7 Ra8 25. Nb5 Rxa4 26. Rce1 Nxd5 27. Nxd6 Rb8 28. c4 exd6 29. cxd5 Rc8 30. Kf2 Rc2+ 31. R1e2 Rxe2+ 32. Kxe2 Ra2+ 33. Kd3 Rxg2 34. Kc4 Rxh2 35. Kb5 Rd2 36. Kb6 Rxd5 37. Kxb7 h5 38. Kc6 Rf5 39. f4 h4 40. b5 Rc5+ 41. Kb6 h3 42. Re2 f6 43. Rh2 Rc3 44. Ka5 g5 45. fxg5 fxg5 46. Kb4 Rg3 47. b6 Rg2 48. Rxh3 g4 49. b7 gxh3 50. b8Q+ Ke7 51. Qb7+ Kf6 52. Qf3+ Ke7 53. Qxh3 Rg5 54. Qh4 Kf6 55. Qf4+ Rf5 56. Qxd6+ Kg5 57. Qg3+ Kf6 58. Kc4 Rg5 59. Qd6+ Kf5 60. Kd4 Rg4+ 61. Ke3 Re4+ 62. Kf3 Re6 63. Qd5+ Kf6 64. Kf4 Ke7 65. Kf5 Rd6 66. Qe4+ Kd7 67. Qb7+ Kd8 68. Ke5 Rd7 69. Qb8+ Ke7 70. Qh8 Rc7 71. Qf6+ Kd7 72. Qd6+ Kc8 73. Qa6+ Kd7 74. Qb5+ Ke7 75. Qb6 Rd7 76. Qb4+ Kf7 77. Qf4+ Ke7 78. Qg5+ Kf7 79. Qf5+ Ke7 80. Qf6+ Ke8 81. Qc6 Ke7 82. Qc8 Rd8 83. Qe6+ Kf8 84. Kf6 1-0

[Event "Warsaw Najdorf Memorial op-B"]
[Site "Warsaw"]
[Date "2021.07.18"]
[Round "9"]
[White "Michalowski, Patryk"]
[Black "Ambroziak, Mateusz"]
[Result "1-0"]
[WhiteElo "1770"]
[BlackElo "1487"]
[PlyCount "69"]
[EventDate "2021.07.10"]
[EventType "swiss"]
[EventRounds "9"]
[EventCountry "POL"]
[SourceTitle "EXT 2022"]
[Source "ChessBase"]
[SourceDate "2021.10.06"]
[SourceVersion "1"]
[SourceVersionDate "2021.10.06"]
[SourceQuality "1"]

1. e4 c5 2. Nf3 g6 3. d4 Bg7 4. Nc3 cxd4 5. Nxd4 Nc6 6. Be3 Nf6 7. Bc4 Qa5 8. 0-0 0-0 9. Bb3 d6 10. h3 Bd7 11. f4 Nxd4 12. Bxd4 Bc6 13. Qd3 Nd7 14. Bxg7 Kxg7 15. Nd5 Qc5+ 16. Kh1 e6 17. Nc3 Rad8 18. Rae1 b5 19. Ne2 e5 20. f5 Nf6 21. Ng3 d5 22. exd5 Nxd5 23. Bxd5 f6 24. fxg6 hxg6 25. Nf5+ Kh7 26. Qg3 Rxd5 27. Qh4+ Kg8 28. Qh6 Kf7 29. Qh7+ Ke6 30. Qxg6 Rd2 31. Ne3 Qd4 32. Qf5+ Ke7 33. c3 Qh4 34. Rd1 Be4 35. Rxd2 1-0